000 00606cam a2200205 4500
001 D9622
008 090401t1950 xxu||||| |||| 00| 0 eng d
035 _a(Sirsi) u21185
041 _aeng
050 _a526.330962
100 _aWakefield, R.C.
245 4 _aThe arc of the Thirtieth Meridian between the Egyptian Frontier and Latitude 13 45`, 1935-1940
260 _aKhartoum
_bThe Sudan Government
_c1950
300 _axv. 167p. 13 leaves of plates. ill. 30cm
350 _a0
490 _aSudan Survey Department Records Volume 1
700 _aMunsey, D.F.
942 _n0
948 _c04/03/1997
999 _c87935
_d87935